| 000 | 00622nas a2200229 4500 | ||
|---|---|---|---|
| 001 | BR8306632 | ||
| 003 | BR-BrBNA | ||
| 005 | 20231205085734.0 | ||
| 007 | ta | ||
| 008 | 230509b bl.|||p| |||| 00| 00por d | ||
| 040 |
_aBR-BrBNA _bpor _cBiblioteca Nacional de Agricultura |
||
| 041 | _a(Pt) | ||
| 072 | _aF04 | ||
| 100 | 1 | _aArmbruster, D.G. | |
| 245 | 1 | _aAdubacao; o quarto macronutriente | |
| 650 | _aADUBACAO | ||
| 650 | _aNPK | ||
| 650 | _aMACROELEMENTO | ||
| 773 | 0 |
_tRaizes (Brazil) _xISSN 0101-0956 _g(May 1983), v. 8(86) p. 26 _wBR8306632 |
|
| 909 |
_a202311 _bLúcia _c55 _dLúcia Elande |
||
| 942 |
_2AGRIS _n0 _cANA |
||
| 999 |
_c113464 _d113464 |
||